| 000 | 00811nam a22001697a 4500 | ||
|---|---|---|---|
| 003 | OSt | ||
| 005 | 20251129161003.0 | ||
| 008 | 251127b |||||||| |||| 00| 0 eng d | ||
| 040 | _cDCL | ||
| 082 | _a၂၉၄.၃၈၂၃၁၂ | ||
| 130 |
_aတိပိဋက။ _pသုတ္တန္တပိဋက။ _pဒီဃနိကာယ၊ _tမဟာဝဂ္ဂ၊ _lအဋ္ဌကထာ။ |
||
| 245 | _aမဟာဝဂ္ဂဋ္ဌကထာ။ | ||
| 264 |
_aရန်ကုန် ၊ _bနိုင်ငံတော်ဗုဒ္ဓသာသနာအဖွဲ့၊ _c၁၉၉၃။ _c၁၉၅၇။ |
||
| 300 |
_aစ၊ ၄၀၃ စာမျက်နှာ ၊ _c၂၅ စင်တီ။ |
||
| 650 |
_aမဟာဝဂ္ဂ _vအဋ္ဌကထာ။ |
||
| 942 |
_2ddc _cSHORT TERM _n0 |
||
| 999 |
_c2634 _d2634 |
||